CBRN and Hazmat incidents at major public events (Record no. 52295)
[ view plain ]
| 000 -LEADER | |
|---|---|
| fixed length control field | 01316nam a2200337Ia 4500 |
| 100 1# - MAIN ENTRY--AUTHOR NAME | |
| Personal name | Kaszeta, Dan. |
| 245 10 - TITLE STATEMENT | |
| Title | CBRN and Hazmat incidents at major public events |
| 260 ## - PUBLICATION, DISTRIBUTION, ETC. (IMPRINT) | |
| Place of publication | Hoboken, N.J. : |
| Name of publisher | John Wiley & Sons, |
| Year of publication | c2013. |
| 300 ## - PHYSICAL DESCRIPTION | |
| Number of Pages | xvii, 427 p. |
| 650 #0 - SUBJECT ADDED ENTRY--TOPICAL TERM | |
| Topical Term | Emergency management. |
| Topical Term | Hazardous substances. |
| Topical Term | Public safety. |
| Topical Term | Special events |
| Topical Term | Weapons of mass destruction. |
| 856 40 - ELECTRONIC LOCATION AND ACCESS | |
| Uniform Resource Identifier | http://site.ebrary.com/lib/rucke/Doc?id=10632124 |
No items available.
